000 00462nam a2200181Ia 4500
005 20260429111947.0
008 260429s9999||||xx |||||||||||||| ||und||
020 _a9788188836613
041 _aEnglish
082 _a579
_bJOH
100 _aJohri, R.M.
245 0 _aText book of microbiology /
_cR.M. Johri
260 _aNew Delhi :
_bSonali Publications,
_c2024.
300 _a541 p.; hb
650 _aMicrobiology
700 _a Lata, Sneh
942 _cTB
999 _c51636
_d51636